Educacin̤ y libertad

Detalles Bibliográficos
Autor principal: Souto Paz, Jos ̌Antonio
Formato: eBook
Lenguaje:español
Publicado: Madrid : Dykinson, 2012
Materias:
Acceso en línea:http://www.vlex.com/source/6952

MARC

LEADER 00000nam a22000007a 4500
005 20130502175224.0
007 cr|||| ||||
008 130502e2012 sp |||||s|||| 00||0 spa d
020 |a 978-84-15454-64-9 
035 |a 6952 
040 |a vLex 
090 |c 4250  |d 4250 
100 1 0 |a Souto Paz, Jos ̌Antonio  
245 1 0 |a Educacin̤ y libertad  |c / Jos ̌Antonio Souto Paz  |h [Recurso electrn̤ico] 
256 |a Servicio en ln̕ea 
260 |a Madrid :  |b Dykinson,   |c 2012 
300 |a 1 Recurso electrn̤ico 
506 |d vLex Global  |d vLex Global (Academic Edition, excluding Law Schools)  |d vLex Global (U.S. Academic Edition, Law Schools)  |d vLex Global (U.S. Academic Edition, excluding Law Schools)  |d vLex Global (Academic Edition, Law Schools) 
650 0 4 |a Enseąnza  |z Espaą 
650 0 4 |a Educacin̤  |z Espaą 
650 0 4 |a Derecho constitucional  |z Espaą 
650 0 4 |a Libertad religiosa  |z Espaą 
650 0 4 |a Igualdad  |z Espaą 
740 |a vLex Libros (Servicio en ln̕ea) 
856 |a Acceso restringido  |u http://www.vlex.com/source/6952 
942 |c BOOK 
999 0 |a Teaching